000
00272nam a2200109Ia 4500
008
220713s9999 xx 000 0 und d
020
_a
978 1426310119
082
_a
J 152.148 XTRE
100
_a
No author, editors only
245
0
_a
National Geographic kids
942
_c
BK
_w
561
_x
John Tresidder
_y
561
_z
John Tresidder
999
_c
707380
_d
707379